Top 10 RP entering the 2026 MLB season - Statistics

General Stats
  • This quiz has been taken 88 times
  • The average score is 7 of 10
Answer Stats
Rank Team Answer % Correct
2. San Diego Padres Mason Miller
99%
1. Boston Red Sox Aroldis Chapman
97%
3. Los Angeles Dodgers Edwin Diaz
93%
5. Seattle Mariners Andres Munoz
84%
9. Houston Astros Josh Hader
70%
4. Cleveland Guardians Cade Smith
69%
6. Boston Red Sox Garrett Whitlock
46%
8. San Diego Padres Adrian Morejon
39%
10. San Diego Padres Jason Adam
39%
7. Kansas City Royals Matt Strahm
31%
No matching quizzes found
Score Distribution
Percent of People with Each Score
Percentile by Number Answered
Your Score History
You have not taken this quiz